Responses for show #8226 - Monday, June 1, 2020

2020 Teachers Tournament semifinal game 1.

Contestants

[<< previous game]

Katie Labarge, a high school science teacher from Cambridge, Massachusetts

Will Satterwhite, an 8th through 12th grade band and choir teacher from Vinton, Virginia

Jong Ho Kim, a high school math teacher from Lombard, Illinois

[next game >>]

Jeopardy! Round responses

KINDER GARDEN
GENERATIONS OF LITTLE WOMEN
CONSTELLATIONS
HOMOPHONIC PAIRS
CHECK YOUR CALENDAR
IN THE YEAR 2000
    $200 19
a sunflower

Will
    $200 2
(Louisa May) Alcott

Jong Ho
    $200 30
dogs

Jong Ho
    $200 9
a tail tale

Will
    $200 10
Black Friday

Jong Ho
    $200 24
New York

Will
    $400 20
zinnia

Jong Ho
    $400 16
Amy

Katie
    $400 1
Argo

Katie
    $400 6
(Jong Ho: Ooh... what is... [Laughs])

roam Rome

Jong HoWill
    $400 11
Capricorn

Jong Ho
    $400 25
Peanuts

Katie
    $600 21
a marigold

Will
    $600 17
Claire Danes

Will
    $600 3
Ursa Major

Jong Ho
    $600 8
thyme time

Katie
    $600 12
July

Jong Ho
    $600 26
mad cow disease

Will
    $800 22
(Jong Ho: What is poppy?)

impatiens

Jong HoWill
    $800 18
(Katharine) Hepburn

Jong Ho
    $1,000 4
(Jong Ho: What is... Leo?)

Orion

Jong Ho
    $800 7
our hour

Jong Ho
    $800 13
the Kentucky Derby

Katie
    $800 27
Sydney

Katie
    $1000 23
azalea

Jong Ho
    $1000 29
Greta Gerwig

Katie
    $1000 5
Cygnus

Will
    $1000 15
a rough ruff

Triple Stumper
    $1000 14
Flag Day

Will
    $1000 28
(Jong Ho: What is the Merrimack?)
(Will: What is the Monitor?)

the Hunley

Jong HoWill
Triple Stumper

Scores at the first commercial break (after clue 15):

Jong Ho Will Katie
$1,400 $2,600 $1,800

Scores at the end of the Jeopardy! Round:

Jong Ho Will Katie
$2,000 $4,600 $4,400

Double Jeopardy! Round responses

U.S. GOVERNMENT
THE A.V. CLUB
POP MUSIC
A CONTAINER FULL OF WORDS
19th CENTURY ENGLISH LITERATURE
NATIONS' SECOND-LARGEST CITIES
    $400 24
managers

Will
    $400 30
Amerigo Vespucci

Katie
    $400 28
Beyoncé

Katie
    $400 26
a basket

Jong Ho
    $400 27
Through the Looking-Glass

Katie
    $400 29
Cork

Jong Ho
    $800 15
the governor of Michigan

Jong Ho
    $800 5
anatomy

Will
    $800 9
Psy

Jong Ho
    $800 25
a purse

Will
    $800 18
The Old Curiosity Shop

Triple Stumper
    $800 1
Milan

Will
    $1200 16
a (Supreme Court) clerk

Will
    $3,800 6
(Alex: Oh, it pays to have music in your background, doesn't it?)

Vivaldi

Will
    $1200 10
Daft Punk

Katie
    $1200 14
a shoe

Jong Ho
    $1200 19
Anne Bronte

Will
    $1200 2
South Korea

Katie
    $5,630 17
(Will: What is the SEC?)

the FTC (Federal Trade Commission)

Will
    $1600 7
Volta

Will
    $1600 11
Kings of Leon

Katie
    $1600 13
a vial (phial)

Triple Stumper
    $1600 20
Oscar Wilde

Will
    $1600 3
Catalonia

Jong Ho
    $2000 23
Veterans Affairs

Katie
    $2000 8
isolation

Jong Ho
    $2000 12
starships

Will
    $2000 22
a cistern

Triple Stumper
    $2000 21
The Moonstone

Triple Stumper
    $2000 4
Croatia

Jong Ho

Scores at the end of the Double Jeopardy! Round:

Jong Ho Will Katie
$11,200 $13,170 $11,600

[wagering suggestions for these scores]

Final Jeopardy! Round responses

EUROPEAN HISTORY
Jong HoWhat is Prussia?
$8,000
KatieWhat is Bavaria?
$10,801
WillWhat is Prussia?
$10,031
Prussia

Final scores:

Jong Ho Will Katie
$19,200 $23,201 $799
2nd place: $10,000 Finalist 3rd place: $10,000

Game dynamics:

Coryat scores:

Jong Ho Will Katie
$12,200 $16,200 $11,600
18 R,
4 W
(including 1 DD)
20 R
(including 1 DD),
2 W
(including 1 DD)
14 R,
0 W

Combined Coryat: $40,000

The J! Archive is created by fans, for fans. The Jeopardy! game show and all elements thereof, including but not limited to copyright and trademark thereto, are the property of Jeopardy Productions, Inc. and are protected under law. This website is not affiliated with, sponsored by, or operated by Jeopardy Productions, Inc. Join the discussion at JBoard.tv.